000 02018nam a2200565 i 4500
001 15688
003 KOSZ 005
005 20240405063025.0
008 200423s1973 pl ab g 001 0 pol
015 _aUWD 1973/7276
035 _a991034411859705066
035 _a(PL-WaBN)b19203536-48omnis_nlop
035 _ab19203536
035 _a(OCoLC)69291411
035 _a(PL)b0000001920353
035 _a(EXLNZ-48OMNIS_NETWORK)9910393552605606
040 _aWA N
_cWA N
_dKOSZ 005/RW
046 _k1973
080 _a94(438).082.21
080 _a94(47+57)
100 1 _aJuchniewicz, Mieczysław
_d(1914-1988)
_eAutor
245 1 0 _aPolacy w radzieckim ruchu podziemnym i partyzanckim :
_b1941-1944 /
_cMieczysław Juchniewicz ; Wojskowy Instytut Historyczny.
260 _aWarszawa :
_bWydawnictwo Ministerstwa Obrony Narodowej,
_c1973.
300 _a475, [1] stron, [43] karty tablic :
_bilustracje, mapy, errata ;
_c25 cm.
336 _aTekst
_btxt
_2rdacontent
337 _aBez urządzenia pośredniczącego
_bn
_2rdamedia
338 _aWolumin
_bnc
_2rdacarrier
380 _aKsiążki
380 _aPublikacje naukowe
388 _a1901-2000
388 _a1945-1989
490 1 _aWojna Wyzwoleńcza Narodu Polskiego
504 _aBibliografia na stronach 379-[407]. Indeksy.
648 7 _a1901-2000
_2DBN
648 7 _a1939-1945
_2DBN
650 7 _aII wojna światowa (1939-1945)
_2DBN
650 7 _aPolacy za granicą
650 7 _aRuch oporu
650 7 _aWojna partyzancka
_2DBN
651 7 _aPolska
651 7 _aZSRR
655 7 _aMonografia
658 _aHistoria
658 _aBezpieczeństwo i wojskowość
710 2 _aWydawnictwo Ministerstwa Obrony Narodowej
_4pbl
830 0 _aWojna Wyzwoleńcza Narodu Polskiego
856 _uhttp://koha.tu.koszalin.pl/cgi-bin/koha/opac-detail.pl?biblionumber=15688
_yKatalog online BPK
942 _2UKD
_cKS
999 _c15688
_d15688